[Event "Titled Tuesday intern op 15th Nov Early"]
[Site "Chess.com INT"]
[Date "2022.11.15"]
[Round "1"]
[White "Aponte Ramos, Argimiro"]
[Black "Abrahamyan, Tatev"]
[Result "0-1"]
[WhiteElo "2080"]
[BlackElo "2312"]
[PlyCount "66"]
[EventDate "2022.11.15"]
[EventType "swiss (blitz)"]
[EventRounds "11"]
[EventCountry "USA"]
[SourceTitle "CBM 211 Extra"]
[Source "ChessBase"]
[SourceDate "2023.01.31"]
[SourceVersion "1"]
[SourceVersionDate "2023.01.31"]
[SourceQuality "1"]

1. e4 e6 2. d4 d5 3. e5 c5 4. c3 Nc6 5. Nf3 Qb6 6. Bd3 Bd7 7. 0-0 cxd4 8. cxd4 Nxd4 9. Nbd2 Rc8 10. Nxd4 Qxd4 11. Nf3 Qb6 12. b4 Bxb4 13. Rb1 Qa5 14. a3 Bc5 15. Rxb7 Bc6 16. Bd2 Qxa3 17. Rb3 Qa4 18. Qb1 Ne7 19. Rc1 Bb6 20. Rxc6 Nxc6 21. Bb5 Qe4 22. Qc1 d4 23. Bb4 Qd5 24. Ba4 h6 25. Bd6 Kd8 26. Rb5 Qe4 27. Nd2 Qd3 28. Rb3 Nxe5 29. Qd1 Qc2 30. Qxc2 Rxc2 31. Nf1 Nc4 32. Rxb6 axb6 33. Bxc2 Nxd6 0-1

[Event "Titled Tuesday intern op 15th Nov Early"]
[Site "Chess.com INT"]
[Date "2022.11.15"]
[Round "2"]
[White "Aponte Ramos, Argimiro"]
[Black "Forgacs, Attila Jr"]
[Result "0-1"]
[WhiteElo "2080"]
[BlackElo "2286"]
[PlyCount "48"]
[EventDate "2022.11.15"]
[EventType "swiss (blitz)"]
[EventRounds "11"]
[EventCountry "USA"]
[SourceTitle "CBM 211 Extra"]
[Source "ChessBase"]
[SourceDate "2023.01.31"]
[SourceVersion "1"]
[SourceVersionDate "2023.01.31"]
[SourceQuality "1"]

1. e4 b6 2. Nc3 Bb7 3. d3 d6 4. g3 Nd7 5. Bg2 e5 6. f4 Be7 7. Nf3 Ngf6 8. 0-0 0-0 9. Kh1 a5 10. a3 Re8 11. fxe5 dxe5 12. Nh4 Bf8 13. Nf5 Nc5 14. Bg5 Re6 15. Qd2 h6 16. Be3 Ng4 17. Bh3 Nxe3 18. Nxe3 Nxe4 19. Nxe4 Bxe4+ 20. Kg1 Rg6 21. b4 axb4 22. axb4 Rxa1 23. Rxa1 Qd4 24. Ra8 Bxa8 0-1

[Event "Titled Tuesday intern op 15th Nov Early"]
[Site "Chess.com INT"]
[Date "2022.11.15"]
[Round "11"]
[White "Osinovsky, Stepan"]
[Black "Aponte Ramos, Argimiro"]
[Result "1-0"]
[WhiteElo "2241"]
[BlackElo "2080"]
[PlyCount "71"]
[EventDate "2022.11.15"]
[EventType "swiss (blitz)"]
[EventRounds "11"]
[EventCountry "USA"]
[SourceTitle "CBM 211 Extra"]
[Source "ChessBase"]
[SourceDate "2023.01.31"]
[SourceVersion "1"]
[SourceVersionDate "2023.01.31"]
[SourceQuality "1"]

1. Nf3 d5 2. g3 e6 3. Bg2 Nf6 4. 0-0 Be7 5. d3 0-0 6. Nbd2 b6 7. e4 dxe4 8. dxe4 Bb7 9. Qe2 a5 10. Rd1 Na6 11. Nc4 Qc8 12. Nd4 Rd8 13. Bf4 Nc5 14. Nb5 Rxd1+ 15. Rxd1 Na6 16. Bxc7 Nxc7 17. Nxb6 Qb8 18. Nxc7 Qxc7 19. Nxa8 Bxa8 20. e5 Nd5 21. c4 Nb6 22. c5 Nd5 23. Rc1 Bc6 24. b3 g6 25. a3 Qb8 26. Qa6 Bb7 27. Qb5 Qa8 28. c6 Bc8 29. c7 Bb7 30. Qxb7 Qxb7 31. c8Q+ Qxc8 32. Rxc8+ Kg7 33. Bxd5 exd5 34. Ra8 Bxa3 35. Rxa5 Bb2 36. Rxd5 1-0

[Event "VEN-ch Expertos"]
[Site "Caracas"]
[Date "2022.04.14"]
[Round "3"]
[White "Aponte Ramos, Argimiro"]
[Black "Rojas, Luis Gabriel"]
[Result "1/2-1/2"]
[WhiteElo "2113"]
[BlackElo "1952"]
[PlyCount "50"]
[EventDate "2022.04.13"]
[EventType "swiss"]
[EventRounds "7"]
[EventCountry "VEN"]
[SourceTitle "CBM 207 Extra"]
[Source "ChessBase"]
[SourceDate "2022.05.31"]
[SourceVersion "1"]
[SourceVersionDate "2022.05.31"]
[SourceQuality "1"]

1. d4 d5 2. c4 c6 3. Nf3 Nf6 4. e3 e6 5. Nc3 Nbd7 6. Qc2 Bd6 7. Be2 0-0 8. 0-0 dxc4 9. Bxc4 e5 10. dxe5 Nxe5 11. Nxe5 Bxe5 12. h3 Qe7 13. f4 Bxc3 14. bxc3 Be6 15. Bd3 Bd5 16. c4 Be4 17. Bb2 Bxd3 18. Qxd3 Rfe8 19. Rae1 Ne4 20. Be5 f5 21. Rd1 Rad8 22. Qe2 Rxd1 23. Rxd1 Rd8 24. Rxd8+ Qxd8 25. c5 Qa5 1/2-1/2

[Event "Titled Tuesday intern op 10th Aug"]
[Site "Chess.com INT"]
[Date "2021.08.10"]
[Round "5"]
[White "Aponte Ramos, Argimiro"]
[Black "Przybylski, Wojciech"]
[Result "0-1"]
[WhiteElo "2113"]
[BlackElo "2321"]
[PlyCount "86"]
[EventDate "2021.08.10"]
[EventType "swiss (blitz)"]
[EventRounds "11"]
[EventCountry "USA"]
[SourceTitle "CBM 203 Extra"]
[Source "ChessBase"]
[SourceDate "2021.09.30"]
[SourceVersion "1"]
[SourceVersionDate "2021.09.30"]
[SourceQuality "1"]

1. e4 c5 2. Nf3 d6 3. Bb5+ Nd7 4. d4 a6 5. Bxd7+ Bxd7 6. 0-0 cxd4 7. Qxd4 e5 8. Qd3 Rc8 9. Nc3 Nf6 10. Bg5 h6 11. Bxf6 Qxf6 12. Nd5 Qd8 13. c4 Be7 14. a4 0-0 15. b3 f5 16. exf5 Bxf5 17. Qe3 Bg4 18. Nd2 Bg5 19. Qe1 b5 20. axb5 axb5 21. Ne3 Bd7 22. Ne4 Bc6 23. Nd5 bxc4 24. bxc4 Bb7 25. Qb4 Rb8 26. Qxd6 Qxd6 27. Nxd6 Bxd5 28. cxd5 Rbd8 29. Ra6 Rf6 30. f4 exf4 31. Re1 Rfxd6 32. Ra7 Rxd5 33. Re6 Bf6 34. Kf2 Bd4+ 35. Kf3 Bxa7 36. Re7 Bb8 37. Kg4 R5d7 38. Re4 Rf7 39. Kh5 Kh7 40. g3 f3 41. Re1 f2 42. Rf1 Rd4 43. h3 g6# 0-1

[Event "Titled Tuesday intern op 06th Apr"]
[Site "Chess.com INT"]
[Date "2021.04.06"]
[Round "3"]
[White "Aponte Ramos, Argimiro"]
[Black "Garcia Garcia, Alejandro"]
[Result "0-1"]
[WhiteElo "2113"]
[BlackElo "2247"]
[PlyCount "72"]
[EventDate "2021.04.06"]
[EventType "swiss (blitz)"]
[EventRounds "11"]
[EventCountry "USA"]
[SourceTitle "CBM 201 Extra"]
[Source "ChessBase"]
[SourceDate "2021.05.31"]
[SourceVersion "1"]
[SourceVersionDate "2021.05.31"]
[SourceQuality "1"]

1. e4 c5 2. Nf3 e6 3. d3 Nc6 4. g3 g6 5. Bg2 Bg7 6. 0-0 Nge7 7. c3 0-0 8. d4 cxd4 9. cxd4 d5 10. e5 Nf5 11. Nc3 b6 12. a3 Ba6 13. Re1 Rc8 14. h4 Na5 15. h5 Bc4 16. hxg6 hxg6 17. Bg5 Qd7 18. b4 Bb3 19. Qd2 Nc4 20. Qf4 Nb2 21. g4 Nd3 22. Qh2 Nxe1 23. Rxe1 Rxc3 24. gxf5 exf5 25. Bf6 Rxf3 26. Bxf3 Qe6 27. Bg5 Rc8 28. Bg2 Rc3 29. Re3 Rc1+ 30. Bf1 Bc4 31. Rh3 Rxf1+ 32. Kg2 f4 33. Kf3 Qf5 34. Bf6 Qe4+ 35. Kg4 Be2+ 36. f3 Bxf3+ 0-1

[Event "Titled Tuesday intern op 23rd Feb"]
[Site "Chess.com INT"]
[Date "2021.02.23"]
[Round "3"]
[White "Kalajzic, Ivan"]
[Black "Aponte Ramos, Argimiro"]
[Result "1-0"]
[WhiteElo "2112"]
[BlackElo "2113"]
[PlyCount "133"]
[EventDate "2021.02.23"]
[EventType "swiss (blitz)"]
[EventRounds "11"]
[EventCountry "USA"]
[SourceTitle "CBM 200 Extra"]
[Source "ChessBase"]
[SourceDate "2021.03.31"]
[SourceVersion "1"]
[SourceVersionDate "2021.03.31"]
[SourceQuality "1"]

1. b3 Nf6 2. Bb2 e6 3. e3 Be7 4. Nf3 0-0 5. c4 b6 6. Nc3 Bb7 7. Be2 d5 8. 0-0 Nbd7 9. Rc1 c5 10. cxd5 Nxd5 11. a3 Rc8 12. Rc2 Qc7 13. Qa1 N7f6 14. d4 Qb8 15. Nxd5 Bxd5 16. Bc4 Be4 17. Rcc1 Ng4 18. Ne5 Nxe5 19. dxe5 Rcd8 20. Rfd1 Qb7 21. f3 Bxf3 22. gxf3 Qxf3 23. Bf1 Bg5 24. Bg2 Bxe3+ 25. Kh1 Qh5 26. Rxd8 Rxd8 27. Rf1 Bf4 28. h3 Qg5 29. Bc1 Bxc1 30. Qxc1 Rd2 31. Rg1 Qe3 32. Qf1 Rf2 33. Qe1 Qd4 34. Qd1 Rd2 35. Qf3 g6 36. Rf1 Qd7 37. Qf4 Rd4 38. Be4 Rd2 39. Rf2 Rd4 40. Kh2 Rd1 41. Bg2 Rd4 42. Qf3 Rd1 43. b4 Rd4 44. bxc5 bxc5 45. Qa8+ Kg7 46. Qf3 Rd3 47. Qf6+ Kg8 48. a4 Rd4 49. Rf4 a6 50. Rxd4 cxd4 51. a5 d3 52. Bf3 d2 53. Bd1 Qd4 54. Kg3 Qb2 55. Qf3 Qb4 56. Qa8+ Kg7 57. Qf3 Qxa5 58. Qf6+ Kh6 59. h4 Qc3+ 60. Bf3 Qxe5+ 61. Qxe5 f5 62. Qd6 Kg7 63. Qxd2 f4+ 64. Kxf4 e5+ 65. Kxe5 a5 66. Qd7+ Kh6 67. Kf6 1-0

[Event "Titled Tuesday intern op 26th Jan"]
[Site "Chess.com INT"]
[Date "2021.01.26"]
[Round "10"]
[White "Aponte Ramos, Argimiro"]
[Black "Nilsen, Tobias Lang"]
[Result "1-0"]
[WhiteElo "2113"]
[BlackElo "2169"]
[PlyCount "63"]
[EventDate "2021.01.26"]
[EventType "swiss (blitz)"]
[EventRounds "11"]
[EventCountry "USA"]
[SourceTitle "CBM 200 Extra"]
[Source "ChessBase"]
[SourceDate "2021.03.31"]
[SourceVersion "1"]
[SourceVersionDate "2021.03.31"]
[SourceQuality "1"]

1. e4 e5 2. Nf3 Nf6 3. Nxe5 Nc6 4. Nd3 Nxe4 5. Nc3 Nxc3 6. dxc3 d5 7. Be3 Be7 8. Nf4 Be6 9. Nxe6 fxe6 10. Qh5+ g6 11. Qh6 Bf6 12. 0-0-0 Qe7 13. Bb5 a6 14. Ba4 0-0-0 15. Bxc6 bxc6 16. Kb1 e5 17. Qh3+ Kb7 18. Rhe1 Rhe8 19. f3 Ka8 20. Bc1 Rb8 21. Ka1 Qc5 22. Qxh7 e4 23. Re3 d4 24. Rxe4 Rxe4 25. fxe4 dxc3 26. b3 Qa5 27. Qxg6 Bh8 28. Qxc6+ Ka7 29. Be3+ Rb6 30. Qxc7+ Ka8 31. Rd8+ Rb8 32. Rxb8# 1-0

[Event "Titled Tuesday intern op 26th Jan"]
[Site "Chess.com INT"]
[Date "2021.01.26"]
[Round "9"]
[White "Aponte Ramos, Argimiro"]
[Black "Ogloblin, Nikolay"]
[Result "1-0"]
[WhiteElo "2113"]
[BlackElo "2346"]
[PlyCount "43"]
[EventDate "2021.01.26"]
[EventType "swiss (blitz)"]
[EventRounds "11"]
[EventCountry "USA"]
[SourceTitle "CBM 200 Extra"]
[Source "ChessBase"]
[SourceDate "2021.03.31"]
[SourceVersion "1"]
[SourceVersionDate "2021.03.31"]
[SourceQuality "1"]

1. e4 c5 2. a3 b6 3. b4 Bb7 4. Nc3 Nf6 5. Qe2 e6 6. Nf3 cxb4 7. axb4 Bxb4 8. Ba3 Bxc3 9. dxc3 Nxe4 10. Qe3 Qc7 11. c4 Na6 12. Bd3 Nac5 13. 0-0 d6 14. Bb2 0-0 15. Ng5 Nxg5 16. Qxg5 f6 17. Qg4 Rae8 18. Rxa7 Qc6 19. Be2 e5 20. Bf3 Qc8 21. Qg3 Bxf3 22. Qxg7# 1-0

[Event "Titled Tuesday intern op 26th Jan"]
[Site "Chess.com INT"]
[Date "2021.01.26"]
[Round "2"]
[White "Sadykov, Ramil"]
[Black "Aponte Ramos, Argimiro"]
[Result "1-0"]
[WhiteElo "2345"]
[BlackElo "2113"]
[PlyCount "83"]
[EventDate "2021.01.26"]
[EventType "swiss (blitz)"]
[EventRounds "11"]
[EventCountry "USA"]
[SourceTitle "CBM 200 Extra"]
[Source "ChessBase"]
[SourceDate "2021.03.31"]
[SourceVersion "1"]
[SourceVersionDate "2021.03.31"]
[SourceQuality "1"]

1. e4 c6 2. d4 d5 3. e5 c5 4. c4 e6 5. Nf3 Nc6 6. Nc3 cxd4 7. Nxd4 Bc5 8. Nxc6 bxc6 9. Be2 Ne7 10. Na4 Bb4+ 11. Bd2 Bxd2+ 12. Qxd2 0-0 13. 0-0 Rb8 14. f4 dxc4 15. Qxd8 Rxd8 16. Bxc4 Rd4 17. b3 Nd5 18. Rad1 Rxd1 19. Rxd1 Kf8 20. g3 Ke7 21. Kf2 f6 22. Bxd5 cxd5 23. Rc1 Kd8 24. Ke3 Bd7 25. Nc5 Ke7 26. Na6 Rb6 27. Nc5 Be8 28. a3 a5 29. Rb1 Bg6 30. Rb2 fxe5 31. fxe5 Rb8 32. b4 axb4 33. axb4 Be8 34. Kd4 Ra8 35. b5 Rb8 36. b6 Bc6 37. Na6 Rb7 38. Kc5 Bd7 39. Ra2 h6 40. Nb4 g5 41. Ra7 Bc8 42. Kc6 1-0

[Event "VEN-chT Liga Superior qual"]
[Site "Caracas"]
[Date "2018.01.26"]
[Round "1.3"]
[White "Diaz Leon, Richard"]
[Black "Aponte Ramos, Argimiro"]
[Result "1/2-1/2"]
[WhiteElo "2202"]
[BlackElo "2229"]
[PlyCount "137"]
[EventDate "2018.01.26"]
[EventType "team-swiss"]
[EventRounds "6"]
[EventCountry "VEN"]
[SourceTitle "EXT 2022"]
[Source "ChessBase"]
[SourceDate "2021.10.06"]
[SourceVersion "1"]
[SourceVersionDate "2021.10.06"]
[SourceQuality "1"]
[WhiteTeam "AlphaZero"]
[BlackTeam "Ajedrez Alegre"]
[WhiteTeamCountry "VEN"]
[BlackTeamCountry "VEN"]

1. e4 c5 2. Nf3 Nc6 3. Bb5 g6 4. 0-0 Bg7 5. c3 Nf6 6. d4 Nxe4 7. d5 Nb8 8. Re1 Nd6 9. Bd3 f6 10. Bf4 Nf7 11. Qe2 d6 12. Bb5+ Bd7 13. Nbd2 Ne5 14. Bxe5 dxe5 15. Ne4 a6 16. Bxd7+ Nxd7 17. d6 0-0 18. Qc4+ e6 19. Qxe6+ Kh8 20. Rad1 Qe8 21. Qd5 b6 22. b4 Rc8 23. bxc5 bxc5 24. Rb1 f5 25. Neg5 e4 26. Ne6 Rf6 27. Nxg7 Kxg7 28. Rb7 Kh8 29. Rxd7 Qxd7 30. Ne5 Qg7 31. d7 Rd8 32. Qxc5 Rxd7 33. Qc8+ Rf8 34. Qxd7 Qxe5 35. Qc6 Re8 36. g3 a5 37. a4 Rb8 38. f4 Qe7 39. Re2 Kg7 40. Kg2 Kh6 41. Kh3 Rd8 42. Qb6 Rd5 43. c4 Rc5 44. Re3 Kh5 45. Qb3 Qd6 46. Qb7 Kh6 47. Qb3 g5 48. fxg5+ Kxg5 49. Qb2 Qc7 50. Rb3 Qf7 51. Qd2+ f4 52. gxf4+ Qxf4 53. Rg3+ Kf5 54. Qd7+ Kf6 55. Qg7+ Ke6 56. Qxh7 Qf5+ 57. Qxf5+ Kxf5 58. Rc3 Ke5 59. Kg4 Kd4 60. Ra3 Rxc4 61. h4 Rc1 62. h5 Rg1+ 63. Rg3 Rh1 64. Rh3 Rf1 65. h6 Rf8 66. h7 Rh8 67. Rh6 Kc4 68. Kf4 Kb4 69. Kxe4 1/2-1/2